Lana del rey - The Next Best American Record (Lyrics) - Statistics

General Stats
  • This quiz has been taken 16 times
    15 since last reset
  • The average score is 296 of 357
Answer Stats
Answer % Correct
all
100%
All
100%
American
100%
And
100%
and
100%
best
100%
'Cause
100%
had
100%
next
100%
obsessed
100%
record
100%
so
100%
That
100%
that
100%
the
100%
The
100%
to
100%
To
100%
we
100%
We
100%
were
100%
with
100%
writing
100%
architecture
89%
baby
89%
could
89%
dance
89%
knew
89%
you
89%
I
89%
I'm
89%
in
89%
It
89%
it
89%
It's
89%
just
89%
knew
89%
My
89%
my
89%
of
89%
on
89%
party
89%
suit
89%
takin'
89%
tonight
89%
used
89%
wanna
89%
was
89%
Whatever's
89%
you
89%
You
89%
as
78%
bathing
78%
cool
78%
do
78%
down
78%
feel
78%
give
78%
good
78%
He
78%
heck
78%
like...
78%
Like
78%
off
78%
time
78%
underneath
78%
want
78%
his
67%
lead
67%
lost
67%
made
67%
Malibu
67%
me
67%
never
67%
roads
67%
say
67%
There's
67%
track
67%
true
67%
wanted
67%
are
56%
bed
56%
cigarettes
56%
for
56%
got
56%
hot
56%
smokin'
56%
somethin'
56%
space
56%
things
56%
'til
56%
Topanga's
56%
who
56%
'70s
44%
'90s
44%
day
44%
drive
44%
Eagles
44%
Every
44%
every
44%
Everything
44%
girls
44%
Holy,
44%
Houses
44%
mind
44%
night
44%
play
44%
really
44%
see
44%
spirit,
44%
them
44%
thousands
44%
through
44%
405
33%
frame
33%
love
33%
way
33%
Bill
22%
guitar
22%
plays
22%
Why
22%
No matching quizzes found
Score Distribution
Percent of People with Each Score
Percentile by Number Answered
Your Score History
You have not taken this quiz since the last reset